Centrální banky na sedadlech řidičů

Zmeny v postavení centrálnej banky v krajinách strednej a východnej Európy. Podstata a charakteristické črty centrálnej banky v jednotlivých krajinách regiónu.

Salvato in:
Dettagli Bibliografici
Natura: Capitolo di libro
Lingua:ceco
Soggetti:
Tags: Aggiungi Tag
Nessun Tag, puoi essere il primo ad aggiungerne!!

MARC

LEADER 00000naa a2200000 4500
001 r017584
005 20221208130710.8
041 0 |a cze 
044 |a CZ 
245 1 0 |a Centrální banky na sedadlech řidičů 
520 |a Zmeny v postavení centrálnej banky v krajinách strednej a východnej Európy. Podstata a charakteristické črty centrálnej banky v jednotlivých krajinách regiónu. 
610 2 0 |a banky emisné 
610 2 0 |a stredná Európa 
610 2 0 |a východná Európa